| 000 | 00419nam a2200157Ia 4500 | ||
|---|---|---|---|
| 008 | 170705s9999 xx 000 0 und d | ||
| 020 | _a9781858812465 | ||
| 245 | 4 | _aThe night I was chased by a vampire / | |
| 245 | _cKaye Umansky ; illustrated by Keren Ludlow. | ||
| 260 | _aLondon : | ||
| 260 | _bDolphin Paperback, | ||
| 260 | _c1995 | ||
| 300 | _a64 pages : | ||
| 300 | _bcolor illustration ; | ||
| 500 | _a830 | ||
| 999 |
_c336915 _d336915 |
||